Statistics for Languages Quiz 2

Click here to take the quiz!

General Stats

  • This quiz has been taken 22 times
  • The average score is 8 of 10

Answer Stats

HintAnswer% Correct
Most widely spoken Germanic languageEnglish
100%
Can be written using hiragana, katakana and kanjiJapanese
100%
Casual Italian salutation that can mean both "hello" and "goodbye"Ciao
90%
It is the most spoken Slavic languageRussian
90%
Dominant and co-official language of Hong Kong and MacauCantonese
86%
Aloha and Mahalo are from what language?Hawaiian
86%
Language where J sounds as HSpanish
81%
National language and lingua franca of PakistanUrdu
76%
Language with Hangul as writing systemKorean
62%
Greek letter ΣσSigma
57%

Score Distribution

Percentile by Number Answered

Percent of People with Each Score

Your Score History

You have not taken this quiz